00369nam a2200145Ia 450000500170000000800410001702000150005808200130007310000160008624500440010226000280014630000190017465000150019365000150020820240703004947.0240331s9999 xx 000 0 und d a0415106613 a153bBRE aBrentano, F 0aPsychology from an empirical standpoint aLondonbRoutledgec1995 axxix, 415 p ., aPsychology aPhilosophy